| 000 | 00533nam a2200229Ia 4500 | ||
|---|---|---|---|
| 005 | 20250425160742.0 | ||
| 008 | 250425s9999 xx 000 0 und d | ||
| 020 | _a8448123476 | ||
| 041 | _aspa | ||
| 082 | _a005.132 | ||
| 100 | _aJENSEN, CARY | ||
| 245 | 0 | _aMANUAL DE ORACLE JDEVELOPER | |
| 250 | _a1A ED. | ||
| 260 |
_aEspaƱa _bMCGRAW HILL _c1999 |
||
| 260 | _aMADRID | ||
| 300 | _a585 | ||
| 650 | _aBASE DE DATOS | ||
| 650 | _aJAVA (LENGUAJE DE PROGRAMACION) | ||
| 650 | _aORACLE | ||
| 942 | _c01 | ||
| 010 | _a4429 | ||
| 999 |
_c195453 _d195453 |
||